000 00665nam a22002537a 4500
003 UA-OsUOA
001 26626
007 ta
008 20040608b un ||||| |||| 00| 0 ukr d
090 _a504.05
_bП68
942 _cBK
040 _aUA-OsUOA
_bukr
_cUA-OsUOA
_dUA-OsUOA
245 _aПроблеми Чорнобильської зони Відчуження
_bНаково-технічний збірник
300 _a159 с.
955 _a0
041 _aukr
080 _a504.05
020 _a966-00-0050-2
260 _aКиїв
_bНаукова думка
_c1996
246 3 1 _aВип. 4
_n
044 _aUA
650 7 _2UDC
999 _c312953
_d312953